Encyclopaedia of women biography : (Record no. 136396)

MARC details
000 -LEADER
fixed length control field 00720nam a2200217 4500
010 ## - LIBRARY OF CONGRESS CONTROL NUMBER
LC control number B-058532
020 ## - INTERNATIONAL STANDARD BOOK NUMBER
International Standard Book Number 8176482617
Terms of availability 4995.00(set)
035 ## - SYSTEM CONTROL NUMBER
System control number B-058532
037 ## - SOURCE OF ACQUISITION
Stock number Cen Lib/Ret
040 ## - CATALOGING SOURCE
Original cataloging agency DPL
Language of cataloging EN
082 ## - DEWEY DECIMAL CLASSIFICATION NUMBER
Classification number 920
Item number ENC
100 ## - MAIN ENTRY--PERSONAL NAME
Personal name Nagendra Kr Singh
245 ## - TITLE STATEMENT
Title Encyclopaedia of women biography :
Remainder of title India, Pakistan, Bangladesh /
Statement of responsibility, etc by Nagendra Kr. Singh
260 ## - PUBLICATION, DISTRIBUTION, ETC. (IMPRINT)
Place of publication, distribution, etc New Delhi
Name of publisher, distributor, etc A.P.H. Publishing Corporation
Date of publication, distribution, etc 2001
270 ## - ADDRESS
City New Delhi
300 ## - PHYSICAL DESCRIPTION
Extent 3 v. (v 1. 547 ; v 2.478 ; v 3. 499p)
Dimensions 27cm(Hb)
500 ## - GENERAL NOTE
General note 3 v. ; v 1.A-G ; v 2. H-O ; v 3. P-Z
650 ## - SUBJECT ADDED ENTRY--TOPICAL TERM
Topical term or geographic name as entry element Women -- India -- Biography
650 ## - SUBJECT ADDED ENTRY--TOPICAL TERM
Topical term or geographic name as entry element Women -- Pakistan -- Biography
942 ## - ADDED ENTRY ELEMENTS (KOHA)
Source of classification or shelving scheme Dewey Decimal Classification
Koha item type English Books
Classification part 920
Call number suffix ENC
Holdings
Withdrawn status Lost status Source of classification or shelving scheme Materials specified (bound volume or other part) Damaged status Not for loan Collection code Home library Current library Date acquired Source of acquisition Cost, normal purchase price Total Checkouts Full call number Barcode Date last seen Copy number Cost, replacement price Price effective from Koha item type
    Dewey Decimal Classification v.1   Not For Loan Reference Central Library Central Library 01/03/2016 Cen Lib/Ret 4995.00   920 ENC B-058531 01/03/2016 1 4995.00 01/03/2016 English Books
    Dewey Decimal Classification v.2   Not For Loan Reference Central Library Central Library 01/03/2016 Cen Lib/Ret 4995.00   920 ENC B-058532 01/03/2016 3 4995.00 27/07/2016 English Books
    Dewey Decimal Classification v 3   Not For Loan Reference Central Library Central Library 15/03/2016 Cen Lib/Ret 4995.00   920 ENC B-058533 15/03/2016 1 4995.00 15/03/2016 English Books

© Delhi Public Library
Hit Counter
free hit counter